00675nam a2200181 a 450000100100000000500170001000800410002702000150006804000250008310000280010824501100013626000510024630000210029750000210031850400320033995201050037199900170047600004391320201002045037.0140508s2001 ag 001 0 spa d a950071955X aDO-SdBNPbspacBNPHU1 aSeoane, María.97181513aEl Dictador :bla historia secreta y pública de Jorge Rafael Videla /cMaría Seoane, Vicente Muleiro. aBuenos Aires :bEditorial Sudamericana,c2001. a639 p. ;c24 cm. aIncluye índice aBibliografía : p. 529-545 001050718MOaGRbGRcCTd2014-05-08iLF1l0o p43913-10r2020-06-25w2020-06-25y1ZNo se presta c43402d43402